Alle Städte des Saarlands - Statistiken

Allgemein
  • Dieses Quiz wurde 100 mal gespielt
  • Das Durchschnittsergebnis liegt bei 8 aus 17
Antwortstatistiken
Einwohnerzahl Stadt % Korrekt
183.509 Saarbrücken
100%
34.893 Saarlouis
87%
47.097 Neunkirchen
78%
42.498 Homburg
76%
40.358 Völklingen
67%
30.070 Merzig
65%
35.059 St. Ingbert
65%
25.503 St. Wendel
61%
15.860 Wadern
36%
19.941 Dillingen an der Saar
35%
20.202 Blieskastel
30%
19.108 Lebach
28%
18.243 Püttlingen
28%
16.368 Sulzbach an der Saar
23%
17.663 Bexbach
22%
14.522 Ottweiler
21%
9887 Friedrichsthal
15%
Keine übereinstimmenden Quizze gefunden
Verteilung der Resultate
Anzahl Personen mit jedem Resultat
Perzentil nach korrekt beantworteten Fragen
Ihre Resultats-Entwicklung
Sie haben dieses Quiz noch nicht gespielt